000 00863nam a2200193Ii 4500
003 JO-AjNU
008 230605s9999||||xx |||||||||||||| ||und||
040 _aJO-AjNU
_bara
_erda
_cJO-AjNU
041 _aara
050 1 4 _aHD9502.J65.U72.2015
100 3 _aالأردن، وزارة الطاقة والثروة المعدنية,
_eauthor
_956618
245 0 0 _a وزارة الطاقة والثروة المعدنية : التقرير السنوي
264 3 1 _aعمان،الاردن: وزارة الطاقة والثروة المعدنية، 2015
300 _a70ص
336 _atext
_btxt
_2rdacontent
337 _aunmediated
_bn
_2rdamedia
338 _avolume
_bnc
_2rdacarrier
650 4 _aالطاقة -- الأردن -- الثروة المعدنية -- الأردن -- الأردن. -- وزارة الطاقة والثروة المعدنية
_956619
999 _aA25323
_c28891
_d28891